00522pab a2200181 454500008004000000100001800040245005300058260000900111300001200120362001100132650001800143650002100161773002000182908000600202909001000208999001700218952010500235180718b2007 xxu||||| |||| 00| 0 eng d aMagotra, Ritu aHigher education in the context of globalisation c2007 ap.7-10. a27 May aGlobalization aHigher education aUniversity News aN a74261 c74261d74261 00104070aIIPAbIIPAd2018-07-19hVolume no: 45, Issue no: 21pAR74721r2018-07-19w2018-07-19yAR